Name all legendary brawlers from brawl stars - Statistics

General Stats
  • This quiz has been taken 104 times
  • The average score is 11 of 12
Answer Stats
Answer % Correct
Spike
100%
Crow
97%
Leon
96%
Amber
93%
Meg
92%
Kit
88%
Kenji
86%
Chester
85%
Cordelius
82%
Draco
81%
Sandy
81%
Surge
81%
No matching quizzes found
Score Distribution
Percent of People with Each Score
Percentile by Number Answered
Your Score History
You have not taken this quiz